000 01739cam a2200385 i 4500
001 19963846
003 OSt
005 20241030092305.0
008 170825t20192017nyu 000 0 eng
010 _a 2017039790
020 _a9780134711409
020 _a0134711408
040 _aDLC
_beng
_cDLC
_erda
_dDLC
041 _aeng
042 _apcc
050 0 0 _aHM586
_b.M1657 2019
080 _a316
_bM-12
082 0 0 _a301
_223
100 1 _aMacionis, John J.
245 1 0 _aSociety :
_bthe basics /
_cJohn J. Macionis, Kenyon College.
250 _aFifteenth Edition.
260 _aNY, NY :
_bPearson,
_c[2019]
264 4 _c©2017
300 _axxviii, 628 pages ; ill.
_c28 cm
336 _atext
_btxt
_2rdacontent
337 _aunmediated
_bn
_2rdamedia
338 _avolume
_bnc
_2rdacarrier
500 _aRevised edition of the author's Society, [2017]
505 0 _aAbout the author -- Sociology : perspective, theory, and method -- Culture -- Socialization : from infancy to old age -- Social interaction in everyday life -- Mass media and social media -- Groups and organizations -- Sexuality and society -- Deviance -- Social stratification -- Global stratification -- Gender stratification -- Race and ethnicity -- Economics and politics -- Family and religion -- Education, health, and medicine -- Population, urbanization, and environment -- Social change: modern and postmodern societies -- Glossary -- References -- Credits -- Author index -- Subject index.
650 0 _aSociology.
653 _aსოციოლოგია
906 _a7
_bcbc
_corignew
_d1
_eecip
_f20
_gy-gencatlg
942 _2udc
_cBK
_e15
999 _c422
_d422